| 000 | 00595cam a2200217 4500 | ||
|---|---|---|---|
| 001 | J100237 | ||
| 008 | 000000n1999 000 0 eng u | ||
| 035 | _a(Sirsi) u100237 | ||
| 041 | _aENG | ||
| 110 |
_aColliers Erdman Lewis _93659 |
||
| 245 | _aMidsummer retail report 1999. | ||
| 260 |
_aLondon _bColliers Erdman Lewis _c1999 |
||
| 300 | _a21p. ; 30cm. | ||
| 650 | _aFACTORY OUTLETS | ||
| 650 | _aPROPERTY INVESTMENT | ||
| 650 | _aPROPERTY MARKET | ||
| 650 | _aRETAIL PROPERTY | ||
| 650 | _aSHOPPING CENTRES | ||
| 690 | _aPROPERTY-COMMERCIAL PROPERTY-RETAIL PROPERTY | ||
| 942 | _n0 | ||
| 999 |
_c99662 _d99662 |
||